Využitie nástrojov online marketingu v podniku bakalárska práca

Guardado en:
Detalles Bibliográficos
Autor principal: Janečko, Adam
Autor Corporativo: Fakulta podnikového manažmentu EU. Katedra podnikovohospodárska
Otros Autores: Hojdik, Vladimír, 1992-
Formato: Libro
Lenguaje:eslovaco
Publicado: Bratislava 2019
Etiquetas: Agregar Etiqueta
Sin Etiquetas, Sea el primero en etiquetar este registro!

MARC

LEADER 00000nbm a2200000 4500
001 0255367
005 20191125141331.6
041 0 |a slo 
044 |a SK 
245 1 0 |a Využitie nástrojov online marketingu v podniku  |b bakalárska práca  |c Adam Janečko ; školiteľ: Vladimír Hojdik 
264 1 |a Bratislava  |c 2019 
300 |a 43 s. 
100 1 |a Janečko, Adam 
700 1 |a Hojdik, Vladimír, 1992- 
710 2 |a Fakulta podnikového manažmentu EU. Katedra podnikovohospodárska